Resilience, authenticity and digital heritage tourism (Record no. 6033)
[ view plain ]
| 000 -LEADER | |
|---|---|
| fixed length control field | 00485nam a2200169Ia 4500 |
| 008 - FIXED-LENGTH DATA ELEMENTS--GENERAL INFORMATION | |
| fixed length control field | 230917s9999||||xx |||||||||||||| ||und|| |
| 020 ## - ISBN | |
| Price | GBP 120.00 (RS 12267.60) |
| 040 ## - CATALOGING SOURCE | |
| -- | 5012869 |
| Original cataloging agency | VIVEKANANDA LIBRARY |
| 041 ## - Language | |
| -- | English |
| 082 ## - DDC NUMBER | |
| Classification number | 338.4791 C429R |
| 100 ## - MAIN ENTRY--PERSONAL NAME | |
| Personal name | Chhabra, Deepak |
| 245 #0 - TITLE STATEMENT | |
| Title | Resilience, authenticity and digital heritage tourism |
| 260 ## - PUBLICATION, DISTRIBUTION, ETC. (IMPRINT) | |
| Place of publication, distribution, etc | Oxon |
| Name of publisher, distributor, etc | Routledge |
| Date of publication, distribution, etc | 2022 |
| 300 ## - PHYSICAL DESCRIPTION | |
| Pages | xvi, 233 p. |
| 500 ## - GENERAL NOTE | |
| General note | 4594 26/10/2022 HBD22/9556 15/12/2022 Main Budget |
| 942 ## - ADDED ENTRY ELEMENTS (KOHA) | |
| Koha item type | Books |
| Withdrawn status | Lost status | Damaged status | Not for loan | Location (home branch) | Sublocation or collection (holding branch) | Shelving location | Date acquired | Koha issues (times borrowed) | Koha full call number | Accession No. | Koha date last seen | Koha item type |
|---|---|---|---|---|---|---|---|---|---|---|---|---|
| VIVEKANANDA LIBRARY | VIVEKANANDA LIBRARY | IHTM Library | 23/12/2022 | 338.4791 C429R | 405681 | 17/09/2023 | Books |
